| 000 | 00742 a2200157 4500 | ||
|---|---|---|---|
| 003 | Nust | ||
| 005 | 20230522092115.0 | ||
| 040 | _cNust | ||
| 082 | _a004,INF | ||
| 245 | _aInformatics technical Reports / | ||
| 260 |
_bUniversity of Ulster _c1993 |
||
| 300 | _a40:p | ||
| 505 | _aAn Extended Framework for Evidential Reasoning System (Page-1), An Object Oriented Design Methodology Based on The Extended Entity Relationship Model (Page-9), The MIMAD Model (Page-19), A Case Study for Placement Algorithms in Physical Database Design (Page-30), The Application of Multivariate Outlier Detection in Assessing Family Characteristics for Bank Advertisements (Page-37). | ||
| 650 |
_aInformatics technical Reports _9112473 |
||
| 942 |
_2ddc _cBKB |
||
| 999 |
_c179536 _d179536 |
||